00425nam a22001215i 4500020001800000041000800018082002100026245007800047260002300125300001400148650011900162700002200281 a9788194656913 aENG a362.1962414bFRA00aCorona of thorns? or Corona of Life? Changing Church in the Covid Context aDelhibISPCKc2020 a112 pages aCOVID-19 Pandemic, 2020- -- Religious aspects -- Christianity.aMedical care -- Religious aspects -- Christianity. aFrancis Gonsalves